Normal view MARC view

Entry Topical Term

Number of records used in: 2

001 - CONTROL NUMBER

  • control field: 24355

003 - CONTROL NUMBER IDENTIFIER

  • control field: dpl

005 - DATE AND TIME OF LATEST TRANSACTION

  • control field: 20101118142935.0

008 - FIXED-LENGTH DATA ELEMENTS

  • fixed length control field: 101118|||a|||||| | ||| d

040 ## - CATALOGING SOURCE

  • Original cataloging agency: dpl
  • Transcribing agency: dpl

150 ## - HEADING--TOPICAL TERM

  • Topical term or geographic name as entry element: Ajax (web site development technology

670 ## - SOURCE DATA FOUND

  • Source citation: Work cat.: (dpl)39589: Cannings, Rich 24354, Hacking exposed web 2.0: web 2.0 security secrets and solutions /, 2008

670 ## - SOURCE DATA FOUND

  • Source citation: Work cat.: (dpl)39589: Cannings, Rich 24354, Hacking exposed web 2.0: web 2.0 security secrets and solutions /, 2008

© Delhi Public Library
Hit Counter
free hit counter